00607 2200229 4500001002100000005001700021008004100038035002400079082001100103090002100114100001900135245005000154260003100204300002800235500002600263500001100289650002900300850001200329980001500341985000600356999001500362YOGYA-0209000005911920090227034612.0 ind  0010-020900000059119 a510.78 a510.78bSus BlT aSUSANTO, Husni aBelajar cobol lewat BASICcOleh Husni Susanto aJakartabMulti mediac1985 aix, 70 hlmbilusc23 cm aBibliografi : hlm. 68 aIndeks aKomputer - Program Cobol aYOPDYOG a05-08-2008 a1 aP000028698